000 00379 a2200157 4500
001 149626
040 _cEscola São Tomás de Aquino
100 _aPAMPLONA, Rosane
240 1 0 _aAs babuchas de Abu-kassem
_lpor
245 1 0 _aAs babuchas de Abu-kassem
300 _a39
362 0 _a2011
440 1 _aElementar
697 _aFolclore / Adivinhações / Lendas
942 _cBK
999 _c149626
_d149626